| 000 | 00729nam a2200205Ia 4500 | ||
|---|---|---|---|
| 999 |
_c38342 _d38342 |
||
| 001 | 4352 | ||
| 003 | GE_BSU | ||
| 005 | 20191008154255.0 | ||
| 008 | 181216s1998||||ge |||||||||||||| ||geo|| | ||
| 040 | _cGE_BSU | ||
| 041 | _ageo | ||
| 080 | _a37.01(09) პ–26 | ||
| 245 |
_aპედაგოგიკის ისტორია / _cრედ.: ნათელა ვასაძე. |
||
| 264 |
_aთბილისი, _c1998. |
||
| 300 |
_a405 გვ. ; _b20 სმ. |
||
| 653 | _aპედაგოგიკის ისტორია | ||
| 700 |
_aვასაძე, ნ. _eრედაქტორი _94622 |
||
| 710 |
_aსაქ. პედაგოგიურ მეცნ. აკად. _94623 |
||
| 942 |
_cBK _2udc |
||